HP B1 C4 - Statistics

General Stats
  • This quiz has been taken 10 times
  • The average score is 22 of 83
Answer Stats
Term Answer % Correct
Barbudo Bearded
67%
Cobre Copper
67%
Maldición Curse
67%
Furia Fury
67%
Retroceder Recede
67%
Hechizo Spell
67%
Silbido Whistling
67%
Agudo Acute
33%
Sumar Add Up
33%
De Golpe All Of A Sudden
33%
En Cuanto As Soon As
33%
Tan Pronto Como As Soon As
33%
Dorso Back
33%
Pico Beak
33%
Escarabajo Beetle
33%
Corneta Bugle
33%
Tapar Cover
33%
Agrietado Cracked
33%
Chiflado Crackpot
33%
Crujido Crunch
33%
Rizado Curly
33%
Derrotar Defeat
33%
Condenado Doomed
33%
Lirón Dormouse
33%
Entrecortado Faltering
33%
Parpadeante Flickering
33%
Galopante Galloping
33%
Gárgola Gargoyle
33%
Gorgona Gorgon
33%
Sombrío Grim
33%
Gozne Hinge
33%
Hambriento Hungry
33%
Jugoso Juicy
33%
Hervidor Kettle
33%
Pelambrera Mop Of Hair
33%
Ultraje Outrage
33%
Pálido Pale
33%
Disparate Piffle
33%
Complacido Pleased
33%
Atizador Poker
33%
Poblado Populated
33%
Alzar Raise
33%
Guardabosque Ranger
33%
Con Pesar Regretfully
33%
Chillido Shriek
33%
De Reojo Sideways
33%
Chisporroteante Sizzling
33%
Ligeramente Slightly
33%
Conque So Then
33%
Alancear Spear
33%
Respingo Start
33%
Restar Subtract
33%
Apoderarse Take Over
33%
Tetera Teapot
33%
Terreno Terrain
33%
Rozar Touch
33%
Varita Wand
33%
Empuñar Wield
33%
Ceniza Ash
0%
Adjunto Attached
0%
Majadero Birdbrain
0%
Blandir Brandish
0%
Allanamiento Break In
0%
Derribar Bring Down
0%
Erizado Bristly
0%
Agazapar Crouch
0%
Acobardar Daunt
0%
Porquería Filth
0%
Petardo Firecracker
0%
Morada Household
0%
Anhelante Longing
0%
Enseguida Right Away
0%
Frotar Rub
0%
Desparramar Scatter
0%
Sacudir Shake
0%
Sorbo Sip
0%
Escurrirse Slip Out
0%
Arrebatar Snatch
0%
Pegajoso Sticky
0%
Sarta String
0%
Espada Sword
0%
Maraña Tangle
0%
Apremio Urgency
0%
No matching quizzes found
Score Distribution
Percent of People with Each Score
Percentile by Number Answered
Your Score History
You have not taken this quiz